00532nam a22002057a 450000500170000001000130001702000230003003500130005303700160006604000120008208200130009424500550010726000390016227000430020130000200024450000060026465000160027065000140028670000260030020170124110046.0 aA-414554 c145.00a8185148325 aA-414554 bCen Lib/Ret aDPLbEN a841bPIC aPick of mir /ctranslated by Rajinder Singh Verma  aNew DelhibEnkay Publishers c1989 bNew DelhiaMicha Marg Shopping Centre  a216p.c21cm(Hb) a  aLiterature  aCriticsm  aVerma, Rajinder Singh